000 00295nam a2200121Ia 4500
008 190216s9999||||xx |||||||||||||| ||und||
100 _aFiggis D N
245 0 _aIntroduction To Ligand Fields
260 _bWiley Eastern Ltd
_c1966
300 _a351p
650 _aChemistry-Chemistry
942 _cBK
999 _c2406
_d2406